| 000 | 00622nam a22002057a 4500 | ||
|---|---|---|---|
| 005 | 20170124110030.0 | ||
| 010 | _aA-240951 | ||
| 020 |
_c00.00 _a8185019002 |
||
| 035 | _aA-240951 | ||
| 037 | _bCen Lib/Ret | ||
| 040 |
_aDPL _bEN |
||
| 082 |
_a547.5 _bIND |
||
| 245 |
_aIndia's environment : _cedited by J.Bandopadhyay...[et al.] _bcrises and responses / |
||
| 260 |
_aDehra Dun _bNatraj Publishers _c1985 |
||
| 300 |
_axvi,309p. : _c22cm(Hb) _bill. |
||
| 650 |
_aEnvironmental science _910584 |
||
| 650 |
_aScience _910795 |
||
| 700 |
_aBandyopadhyay, J. _921465 |
||
| 942 |
_2ddc _cEN _h57405 _mIND |
||
| 999 |
_c127761 _d127761 |
||